000 00721nam a2200253Ia 4500
003 OSt
005 20221007081831.0
006 a|||||r|||| 00| 0
007 ta
008 221006b |||||||| |||| 00| 0 eng d
024 _a44,376
037 _cTextual
040 _aFLL
_cFLL
_beng
041 _2eng
_aeng
082 _aZ1:2673, Q5
100 _aHEATH Christopher
_9697740
245 0 _aPatent Enforcement Worldwide
_b writtings of honour of dieter stauder
250 _a3rd
260 _aPortland,
_boregon hart Publishing UK
_c2015
300 _alxx,637p.
_ccm.
500 _aWith Index (624-637p.)
942 _hZ1:2673, Q5
_cTEXL
_2CC
999 _c1164425
_d1164425